Loading...
| Science - Biology | 1 | 3 | 0 | 0 | 45 | 58 | 75.75 | 3 | 4 |
| Literature - British Literature | 1 | 1 | 0 | 0 | 25 | 45 | 76.00 | 1 | 2 |
| Fine Arts - Other Arts | 0 | 3 | 1 | 1 | 25 | 88 | 106.33 | 0 | 3 |
| Literature - World Literature | 1 | 0 | 0 | 0 | 15 | 40 | 40.00 | 1 | 1 |
| Social Science | 0 | 1 | 0 | 0 | 10 | 95 | 95.00 | 0 | 1 |
| Literature - European Literature | 0 | 1 | 0 | 0 | 10 | 145 | 145.00 | 0 | 1 |
| Literature - American Literature | 0 | 1 | 1 | 1 | 5 | 142 | 142.00 | 0 | 1 |
| History - European History | 0 | 0 | 0 | 0 | 0 | 0.00 | 0 | 0 | |
| Auditory Arts | 0 | 1 | 2 | 0 | 0 | 125 | 125.00 | 0 | 1 |
| Science - Chemistry | 0 | 0 | 0 | 0 | 0 | 0.00 | 0 | 0 | |
| History - American History | 0 | 0 | 1 | 0 | -5 | 0.00 | 0 | 0 | |
| Beliefs | 0 | 0 | 1 | 0 | -5 | 0.00 | 0 | 0 |